000 00221nam a22001097a 4500
082 _a923.2 HYO'I
100 _aHYDE, DOUGLAS
_957799
245 _aA BELIVED
260 _aLONDON
_bRS
_c1950
300 _a285P
942 _cBK
999 _c568052
_d568052